UBT Library

Business and economics statistics with computer applications / (Record no. 44294)

000 -LEADER
fixed length control field 00578pam a2200205 a 4500
001 - CONTROL NUMBER
control field 969477
005 - DATE AND TIME OF LATEST TRANSACTION
control field 20180307071412.0
008 - FIXED-LENGTH DATA ELEMENTS--GENERAL INFORMATION
fixed length control field 850411s1987 maua 001 0 eng
010 ## - LIBRARY OF CONGRESS CONTROL NUMBER
LC control number 85009025
020 ## - INTERNATIONAL STANDARD BOOK NUMBER
International Standard Book Number 0201109565 :
Terms of availability $29.95
040 ## - CATALOGING SOURCE
Original cataloging agency DLC
Transcribing agency DLC
Modifying agency DLC
041 ## - LANGUAGE CODE
Language code of text/sound track or separate title eng
080 ## - UNIVERSAL DECIMAL CLASSIFICATION NUMBER
Universal Decimal Classification number 519.5024658 BEC
082 00 - DEWEY DECIMAL CLASSIFICATION NUMBER
Classification number 519.5024658 BEC
Edition number 19
100 1# - Rafti
Rafti 58
101 ## - Shkurtesa
Shkurtesa BIZ
245 10 - TITLE STATEMENT
Title Business and economics statistics with computer applications /
Statement of responsibility, etc William E. Becker, Donald L. Harnett.
906 ## - LOCAL DATA ELEMENT F, LDF (RLIN)
a 7
b cbc
c orignew
d 1
e ocip
f 19
g y-gencatlg
942 ## - ADDED ENTRY ELEMENTS (KOHA)
Source of classification or shelving scheme
Item type Books
Holdings
Withdrawn status Lost status Source of classification or shelving scheme Damaged status Not for loan Collection code Permanent location Current location Shelving location Date acquired Total Checkouts Full call number Barcode Date last seen Price effective from Koha item type
          Koleksioni i përgjithshem UBT - Lipjan UBT - Lipjan Koleksioni i përgjithshem 03/07/2018   519.5024658 BEC 002-3000692 03/07/2018 03/07/2018 Books
UBT Library © 2015-2024. All rights reserved University Education for Business and Technology